000 00351nam a2200133Ia 4500
008 170516s9999 xx 000 0 und d
245 _aMolecular Imaging of Inflammation in Atherosclerosis
260 _bTheranostics
260 _c2013
300 _a3:11
650 _xMedical Technology
650 _xMedtech
856 _uhttp://www.thno.org/v3i11
999 _c330500
_d330500